Films français par emojis - Statistiques

Statistiques générales
  • Ce quiz a été pris 481 fois
  • Le résultat moyen est 8 sur 15
Statistiques - réponses
Emojis Film % Correct
🚕Ⓜ️ Taxi
87%
🎅☎️🗑️ Le père Noël est une ordure
85%
🧑‍🦽👨🏿‍🦲😝 Intouchables
82%
⛷️😂💕 Les Bronzés font du ski
79%
🍜🥬🛸 La Soupe aux choux
77%
🏄🟡🎉 Brice de Nice
73%
🤿🐬🔵 Le Grand Bleu
56%
🏫👦🎶 Les Choristes
50%
🍽️📞🫢 Le Dîner de cons
49%
👮☀️👙 Le Gendarme de Saint-Tropez
34%
🤗🍻📮 Bienvenue chez les Ch’tis
33%
🪖🇬🇧🛩️ La Grande Vadrouille
32%
🇪🇬🐗🏴‍☠️ Astérix et Obélix : Mission Cléopâtre
19%
🚗🇮🇹💎 Le Corniaud
17%
🏢🔫😡 La Haine
15%
Aucun quiz correspondant
Distribution des résultats
% des personnes avec chaque résultat
Percentile par nombre de réponses
Votre historique - résultats
Vous n’avez pas pris ce quiz